00275nam a2200109Ia 4500008004100000100002900041245002100070260000900091300003000100440002400130650001100154180117s9999 xx 000 0 und d aby Mary Angela Barlongay aWe can be Heroes c2017 a8-10 pages, 2017 March 26 aPhilippine Panorama aHEROES